000
00178 a2200097 4500
020
_a
9780545158855
041
_a
spa
100
_a
R.L STINE
245
_a
HORROELANDIA
942
_c
BK
999
_c
8479
_d
8479